书目信息 |
| 题名: |
自由女神的召唤
|
|
| 作者: | ;人文素养读本编委会 著 | |
| 分册: | ||
| 出版信息: | 太原 北岳文艺出版社 2004.08 |
|
| 页数: | 217页 | |
| 开本: | 23cm | |
| 丛书名: | 人文素养读本 | |
| 单 册: | ||
| 中图分类: | K837.12 | |
| 科图分类: | ||
| 主题词: | 文学家--wen xue jia--传记--美国--现代 | |
| 电子资源: | ||
| ISBN: | 7-5378-2644-7 | |
| 000 | 01071nam 2200277 450 | |
| 001 | 012008906739 | |
| 005 | 20080316175147.10 | |
| 010 | @a7-5378-2644-7@dCNY16.80 | |
| 100 | @a20080316d2004 km y0chiy0120 ea | |
| 101 | 0 | @achi |
| 102 | @aCN@b140000 | |
| 105 | @aach a 000yb | |
| 106 | @ar | |
| 200 | 1 | @a自由女神的召唤@Azi you nu shen de zhao huan@f人文素养读本编委会@Fren wen su yang du ben bian wei hui |
| 210 | @a太原@c北岳文艺出版社@d2004.08 | |
| 215 | @a217页@c图, 肖像, 摹真@d23cm | |
| 225 | 2 | @a人文素养读本@Aren wen su yang du ben@v6 |
| 320 | @a有书目 (第217页)。 | |
| 330 | @a本书以现代诗的引跑者惠特曼生平为主线,相关链接了美国早期文学文化的方方面面。内容包括:美国的文艺复兴运动、19世纪后期美国现实主义文学的兴起等。 | |
| 410 | 0 | @12001 @a人文素养读本 |
| 600 | 1 | @a惠特曼@Ahui te man@g(Whitman, Walt),@f1819-1892@x传记 |
| 606 | 0 | @a文学家@Awen xue jia@x传记@y美国@z现代 |
| 690 | @aK837.12@v4 | |
| 711 | 02 | @a人文素养读本编委会@Aren wen su yang du ben bian wei hui@4著 |
| 801 | 0 | @aCN@bQSSK@c20080316 |
| 905 | @b20284707-09@dK837.12@eH951@f3 | |
| 自由女神的召唤/人文素养读本编委会.-太原:北岳文艺出版社,2004.08 |
| 217页:图, 肖像, 摹真;23cm.-(人文素养读本;6) |
| ISBN 7-5378-2644-7:CNY16.80 |
| 本书以现代诗的引跑者惠特曼生平为主线,相关链接了美国早期文学文化的方方面面。内容包括:美国的文艺复兴运动、19世纪后期美国现实主义文学的兴起等。 |
| ● |
| 相关链接 |
|
|
|
正题名:自由女神的召唤
索取号:K837.12/H951
 
预约/预借
| 序号 | 登录号 | 条形码 | 馆藏地/架位号 | 状态 | 备注 |
| 1 | 284707 | 202847072 | 社科库309/309社科库 2排4列2层/ [索取号:K837.12/H951] | 在馆 | |
| 2 | 284708 | 202847081 | 社科库309/309社科库 2排4列2层/ [索取号:K837.12/H951] | 在馆 | |
| 3 | 284709 | 202847090 | 社科库309/309社科库 2排4列2层/ [索取号:K837.12/H951] | 在馆 |